000 01156cam a2200265 a 4500
999 _c330119
_d330119
001 12489701
003 NUST
005 20170608132104.0
008 010801s2002 maua b 001 0 eng
010 _a 2001044509
020 _a0072326220
040 _aDLC
_cDLC
_dDLC
042 _apcc
050 0 0 _aGB1003.2
_b.D46 2002
082 0 0 _a551.49 DEM
_221
100 1 _aDeming, David,
_d1954-
_92331
245 1 0 _aIntroduction to hydrogeology /
_cDavid Deming.
260 _aBoston :
_bMcGraw-Hill,
_cc2002.
300 _axi, 468 p. :
_bill. ;
_c25 cm.
500 _aH.B
504 _aIncludes bibliographical references (p. 441-457).
650 0 _aHydrogeology.
_92321
856 4 1 _3Table of contents
_uhttp://www.loc.gov/catdir/toc/mh051/2001044509.html
856 4 2 _3Publisher description
_uhttp://www.loc.gov/catdir/description/mh021/2001044509.html
906 _a7
_bcbc
_corignew
_d1
_eocip
_f20
_gy-gencatlg
942 _2ddc
_cBK
_k551.49 DEM